[Event "Lancenigo op"]
[Site "Lancenigo"]
[Date "2022.06.23"]
[Round "5"]
[White "Buchicchio, Giancarlo"]
[Black "Bernadskiy, Vitaliy"]
[Result "0-1"]
[WhiteElo "2000"]
[BlackElo "2617"]
[PlyCount "120"]
[EventDate "2022.06.20"]
[EventType "swiss"]
[EventRounds "9"]
[EventCountry "ITA"]
[SourceTitle "EXT 2023"]
[Source "ChessBase"]
[SourceDate "2022.10.05"]
[SourceVersion "1"]
[SourceVersionDate "2022.10.05"]
[SourceQuality "1"]

1. d4 Nf6 2. Nf3 b6 3. g3 Bb7 4. Bg2 g6 5. 0-0 Bg7 6. c4 0-0 7. Nc3 Ne4 8. Nd2 Nxc3 9. bxc3 Bxg2 10. Kxg2 e5 11. e3 d6 12. Qf3 Nd7 13. Qc6 Re8 14. a4 a5 15. Rb1 Nf6 16. Ba3 e4 17. Bxd6 cxd6 18. Rxb6 Bf8 19. Rfb1 h5 20. Rb7 Re6 21. Rc7 d5 22. Qb7 dxc4 23. Nxc4 Qd5 24. Ne5 Qxb7 25. Rbxb7 Ne8 26. Rd7 Nd6 27. Ra7 Rc8 28. Rxa5 Bg7 29. Ra6 Bxe5 30. dxe5 Nf5 31. Rxe6 fxe6 32. Rb7 Rc5 33. Rb5 Rxc3 34. Rb8+ Kf7 35. Rb7+ Ne7 36. Rb4 g5 37. Rxe4 Kg6 38. f3 Nd5 39. Kf2 Rc2+ 40. Kg1 Re2 41. h3 Nc3 42. Rc4 Rxe3 43. a5 Rxf3 44. a6 Nd5 45. Ra4 Rxg3+ 46. Kf2 Rc3 47. a7 Nc7 48. a8Q Nxa8 49. Rxa8 Rxh3 50. Rf8 g4 51. Rf6+ Kg5 52. Rxe6 Rf3+ 53. Kg2 h4 54. Re8 h3+ 55. Kh2 Rf2+ 56. Kg1 g3 57. Rg8+ Kf4 58. Rf8+ Ke3 59. Rh8 h2+ 60. Kh1 Rf1+ 0-1

[Event "Mogliano Veneto op-B 38th"]
[Site "Mogliano Veneto"]
[Date "2017.05.01"]
[Round "4.3"]
[White "Buchicchio, Giancarlo"]
[Black "Ballarin, Gabriele"]
[Result "1-0"]
[WhiteElo "1958"]
[BlackElo "1868"]
[PlyCount "75"]
[EventDate "2017.04.29"]
[EventType "swiss"]
[EventRounds "5"]
[EventCountry "ITA"]
[SourceTitle "EXT 2023"]
[Source "ChessBase"]
[SourceDate "2022.10.05"]
[SourceVersion "1"]
[SourceVersionDate "2022.10.05"]
[SourceQuality "1"]

1. d4 Nf6 2. c4 d6 3. Nf3 Nbd7 4. Bf4 c5 5. e3 Nh5 6. Nc3 Nxf4 7. exf4 cxd4 8. Nxd4 Nf6 9. g3 g6 10. Bg2 Qa5 11. 0-0 Rb8 12. b4 Qxb4 13. Ncb5 Qc5 14. Re1 e6 15. Qa4 Bd7 16. Qxa7 Qxa7 17. Nxa7 Bg7 18. Rab1 b6 19. Nac6 Rc8 20. Rxb6 0-0 21. Ne7+ Kh8 22. Nxc8 Rxc8 23. Nb5 Rxc4 24. Rb8+ Rc8 25. Rxc8+ Bxc8 26. Nxd6 Bd7 27. Nxf7+ Kg8 28. Ng5 Ng4 29. h3 Nh6 30. Nxe6 Bc3 31. Rc1 Bxe6 32. Rxc3 Bxa2 33. Ra3 Bc4 34. Ra4 Be6 35. Bf1 Kg7 36. g4 Bd5 37. Bc4 Bf3 38. Ra7+ 1-0

[Event "Mogliano Veneto op-B 38th"]
[Site "Mogliano Veneto"]
[Date "2017.05.01"]
[Round "5.3"]
[White "Pomponio, Mattia"]
[Black "Buchicchio, Giancarlo"]
[Result "1/2-1/2"]
[WhiteElo "1822"]
[BlackElo "1958"]
[PlyCount "134"]
[EventDate "2017.04.29"]
[EventType "swiss"]
[EventRounds "5"]
[EventCountry "ITA"]
[SourceTitle "EXT 2023"]
[Source "ChessBase"]
[SourceDate "2022.10.05"]
[SourceVersion "1"]
[SourceVersionDate "2022.10.05"]
[SourceQuality "1"]

1. e4 c5 2. Nf3 d6 3. d4 cxd4 4. Nxd4 Nf6 5. Nc3 a6 6. Bg5 e6 7. f4 h6 8. Bh4 Qb6 9. Qd2 Qxb2 10. Rb1 Qa3 11. e5 dxe5 12. fxe5 g5 13. Bg3 Nd5 14. Nxd5 exd5 15. Be2 Nc6 16. c3 Nxd4 17. cxd4 b5 18. 0-0 Bg7 19. Rb3 Qe7 20. Qa5 Ra7 21. Be1 Qc7 22. Qa3 Bf8 23. Qb2 Be7 24. Bh5 Be6 25. a4 0-0 26. axb5 axb5 27. Rxb5 Rfa8 28. Bb4 Ra2 29. Qb3 Bxb4 30. Rxb4 Ra1 31. Qb2 Rxf1+ 32. Kxf1 Rc8 33. Bf3 Qc1+ 34. Qxc1 Rxc1+ 35. Kf2 Rc4 36. Rxc4 dxc4 37. Be4 c3 38. Ke2 Bb3 39. Kd3 c2 40. Kd2 Kf8 41. Bxc2 Bd5 42. g3 f6 43. exf6 Kf7 44. Ke3 Kxf6 45. Be4 Bb3 46. Kd3 Ke6 47. Kc3 Ba2 48. Kb4 Kd6 49. Ba8 Be6 50. Kc3 h5 51. Kd3 h4 52. Ke4 Bg4 53. gxh4 gxh4 54. Kf4 Be6 55. Kg5 h3 56. Bf3 Bd5 57. Bg4 Bg2 58. Kh4 Kd5 59. Bxh3 Be4 60. Bg4 Kxd4 61. Kg5 Ke5 62. h4 Bd3 63. h5 Be4 64. Bd7 Kd6 65. Be8 Ke7 66. Bg6 Kf8 67. Kh6 Kg8 1/2-1/2

[Event "Ozieri op 13th"]
[Site "Ozieri"]
[Date "2014.08.01"]
[Round "3"]
[White "Buchicchio, Giancarlo"]
[Black "Corbo, Giuseppe"]
[Result "1-0"]
[WhiteElo "2066"]
[BlackElo "1441"]
[PlyCount "62"]
[EventDate "2014.07.31"]
[EventType "swiss"]
[EventRounds "7"]
[EventCountry "ITA"]
[SourceTitle "EXT 2016"]
[Source "ChessBase"]
[SourceDate "2015.10.08"]
[SourceVersion "1"]
[SourceVersionDate "2015.10.08"]
[SourceQuality "1"]

1. e4 e5 2. Nf3 Nc6 3. Bb5 Nf6 4. d3 Bc5 5. c3 0-0 6. 0-0 d6 7. h3 Be6 8. d4 a6 9. Bxc6 bxc6 10. dxc5 Nxe4 11. cxd6 cxd6 12. Nbd2 Nf6 13. Qe2 c5 14. Rd1 Nd5 15. Ne4 Qe7 16. Nxd6 Nf4 17. Bxf4 exf4 18. Qe5 Rad8 19. Nf5 Qf6 20. Qxf6 gxf6 21. Ne7+ Kg7 22. b3 Rde8 23. Nc6 Rg8 24. Kf1 c4 25. b4 Kh8 26. Rd4 Bf5 27. Re1 Bd3+ 28. Kg1 Rxe1+ 29. Nxe1 Bf5 30. Ne7 Re8 31. Nxf5 Rxe1+ 1-0

[Event "Padova op-A 16th"]
[Site "Padova"]
[Date "2013.12.17"]
[Round "4.30"]
[White "Buchicchio, Giancarlo"]
[Black "Antoniacci, Ricardo"]
[Result "1-0"]
[WhiteElo "2061"]
[BlackElo "1883"]
[PlyCount "107"]
[EventDate "2013.12.15"]
[EventType "swiss"]
[EventRounds "9"]
[EventCountry "ITA"]
[SourceTitle "EXT 2024"]
[Source "ChessBase"]
[SourceDate "2023.10.10"]
[SourceVersion "1"]
[SourceVersionDate "2023.10.10"]
[SourceQuality "1"]

1. e4 c5 2. Nf3 Nc6 3. d4 cxd4 4. c3 d3 5. Bxd3 g6 6. 0-0 Bg7 7. Na3 Nf6 8. h3 0-0 9. e5 Ne8 10. Bf4 a6 11. Qd2 b5 12. c4 b4 13. Nc2 a5 14. a3 b3 15. Be4 Nc7 16. Ncd4 Ne6 17. Nxc6 dxc6 18. Bxc6 Rb8 19. Qxd8 Rxd8 20. Be3 Ba6 21. Rac1 Rbc8 22. Bb5 Bxb5 23. cxb5 f6 24. Bb6 Rxc1 25. Rxc1 Rd5 26. Rc6 Kf7 27. a4 fxe5 28. Bxa5 e4 29. Nd2 Bxb2 30. Nxb3 Rd1+ 31. Kh2 Be5+ 32. g3 Ng5 33. Nd2 Bd4 34. h4 Nf3+ 35. Nxf3 exf3 36. Bb6 Bxb6 37. Rxb6 Rf1 38. a5 Rxf2+ 39. Kg1 Rd2 40. a6 e5 41. Rc6 Ke7 42. Rc3 e4 43. Re3 Rd1+ 44. Kf2 Rd2+ 45. Kf1 Rd4 46. Rxe4+ Rxe4 47. a7 Ra4 48. b6 h5 49. b7 Rxa7 50. b8Q Rd7 51. Qg8 Rd6 52. Qg7+ Ke8 53. Kf2 Re6 54. Kxf3 1-0

[Event "Padova op-A 15th"]
[Site "Padova"]
[Date "2012.12.16"]
[Round "1"]
[White "Kasparov, Sergey"]
[Black "Buchicchio, Giancarlo"]
[Result "1-0"]
[WhiteElo "2475"]
[BlackElo "2069"]
[PlyCount "45"]
[EventDate "2012.12.16"]
[EventType "swiss"]
[EventRounds "9"]
[EventCountry "ITA"]
[SourceTitle "EXT 2024"]
[Source "ChessBase"]
[SourceDate "2023.10.10"]
[SourceVersion "1"]
[SourceVersionDate "2023.10.10"]
[SourceQuality "1"]

1. e4 c5 2. Nf3 e6 3. d4 cxd4 4. Nxd4 a6 5. Bd3 b5 6. 0-0 Bc5 7. Be3 Qb6 8. c3 Nc6 9. Bc2 Nge7 10. Nd2 e5 11. N2b3 exd4 12. cxd4 Bd6 13. e5 Bb4 14. d5 Qc7 15. dxc6 Nxc6 16. f4 g6 17. Rc1 Bb7 18. Be4 0-0 19. Bc5 Bxc5+ 20. Nxc5 Rad8 21. Qd6 Qxd6 22. exd6 Ba8 23. Rfd1 1-0

[Event "Venice Autumn op 16th"]
[Site "Venice"]
[Date "2010.10.31"]
[Round "2.1"]
[White "Buchicchio, Giancarlo"]
[Black "Genocchio, Daniele"]
[Result "0-1"]
[WhiteElo "2095"]
[BlackElo "2449"]
[PlyCount "50"]
[EventDate "2010.10.30"]
[EventType "swiss"]
[EventRounds "5"]
[EventCountry "ITA"]
[SourceTitle "EXT 2011"]
[Source "ChessBase"]
[SourceDate "2010.11.26"]
[SourceVersion "1"]
[SourceVersionDate "2010.11.26"]
[SourceQuality "1"]

1. e4 c6 2. d4 d5 3. Nc3 dxe4 4. Bc4 Nf6 5. Bg5 Bg4 6. f3 exf3 7. Nxf3 Bxf3 8. gxf3 Nbd7 9. Qe2 Qa5 10. Bxf6 Nxf6 11. 0-0-0 g6 12. d5 Bh6+ 13. Kb1 0-0 14. Qxe7 Bg5 15. Ne4 Nxe4 16. Qxe4 Rfe8 17. Qd4 Qb4 18. c3 Bf6 19. Qf4 Bxc3 20. Qc1 cxd5 21. Bb3 Bf6 22. Rxd5 Re2 23. Rd7 Rxb2+ 24. Qxb2 Bxb2 25. Rxf7 Qa3 0-1

[Event "ITA-ch U20 25th"]
[Site "Bratto"]
[Date "2002.08.27"]
[Round "8"]
[White "Buchicchio, Giancarlo"]
[Black "Pulito, Alberto"]
[Result "1/2-1/2"]
[WhiteElo "1825"]
[BlackElo "2032"]
[PlyCount "73"]
[EventDate "2002.08.20"]
[EventType "swiss"]
[EventRounds "9"]
[EventCountry "ITA"]
[SourceTitle "EXT 2007"]
[Source "ChessBase"]
[SourceDate "2006.11.23"]
[SourceVersion "1"]
[SourceVersionDate "2006.11.23"]
[SourceQuality "1"]

1. e4 e6 2. d4 d5 3. e5 c5 4. c3 Qb6 5. Nf3 Nc6 6. Bd3 Bd7 7. 0-0 Rc8 8. Qe2 cxd4 9. cxd4 Nb4 10. Nc3 Nxd3 11. Qxd3 Bb4 12. Rd1 Ne7 13. Be3 h6 14. Bd2 0-0 15. a3 Bxc3 16. Bxc3 Bb5 17. Qd2 Nc6 18. b3 a5 19. Rab1 Qa6 20. Rb2 a4 21. bxa4 Bxa4 22. Rdb1 b5 23. h3 Nb8 24. Nh2 Rc6 25. Bb4 Rfc8 26. Ng4 Kh7 27. Qd3+ Kh8 28. Qe3 Kh7 29. Bd2 Bc2 30. Ra1 Bg6 31. Nxh6 Rc2 32. Rxc2 Rxc2 33. Ng4 Nd7 34. Qg5 Qc8 35. Qh4+ Kg8 36. Bg5 Bh7 37. Rb1 1/2-1/2

[Event "ITA-ch U20 25th"]
[Site "Bratto"]
[Date "2002.08.26"]
[Round "7"]
[White "Navarro, Stefano"]
[Black "Buchicchio, Giancarlo"]
[Result "1/2-1/2"]
[WhiteElo "2122"]
[BlackElo "1825"]
[PlyCount "66"]
[EventDate "2002.08.20"]
[EventType "swiss"]
[EventRounds "9"]
[EventCountry "ITA"]
[SourceTitle "EXT 2007"]
[Source "ChessBase"]
[SourceDate "2006.11.23"]
[SourceVersion "1"]
[SourceVersionDate "2006.11.23"]
[SourceQuality "1"]

1. e4 Nf6 2. e5 Nd5 3. c4 Nb6 4. d4 d6 5. f4 dxe5 6. fxe5 Nc6 7. Be3 Bf5 8. Nc3 e6 9. Nf3 Be7 10. Be2 0-0 11. 0-0 f6 12. exf6 Bxf6 13. Qd2 Qe7 14. Rad1 Rad8 15. Qc1 Kh8 16. Kh1 Rd7 17. Rd2 Rfd8 18. Rfd1 g6 19. h3 h5 20. Bf1 g5 21. Ne2 g4 22. Nh2 gxh3 23. gxh3 Be4+ 24. Bg2 Bxg2+ 25. Kxg2 Qg7+ 26. Kh1 Nxd4 27. Nxd4 Bxd4 28. Bxd4 Rxd4 29. Rxd4 Rxd4 30. Rxd4 Qxd4 31. Qh6+ Kg8 32. Qxe6+ Kh7 33. Qf7+ Kh6 1/2-1/2